00680nam a2200229Ia 4500003000400000005001700004008004100021020001400062040000700076041000800083082002200091100002400113245003700137250000600174260004000180300001800220365001300238906003800251942001200289999001900301952013000320OSt20230413122208.0210423s2003 xx 000 0 und d a749444037 cAL aeng a657.42223b SIKT aSIKKA (T R).987913 aFundamentals of cost accounting. a5 aBangalorebViva Books Pvt Ltdc2003 aviii,1184bPB b395cINR aaccounting. ; cost ; Fundamentals 2ddccBK c157411d157411 001040708MCOMaSACPGbSACPGd2009-10-20eViva Booksg395.00l0o657.42 SIKTpPG003887r2022-08-24 00:00:00w2021-04-26yBK